Cities that Start with S by Picture - Statistics

General Stats
  • This quiz has been taken 182 times
  • The average score is 3 of 5
Answer Stats
Picture Answer % Correct
Sydney
98%
Seattle
72%
Singapore
66%
Shanghai
60%
Santiago
18%
No matching quizzes found
Score Distribution
Percent of People with Each Score
Percentile by Number Answered
Your Score History
You have not taken this quiz